History Quiz

Random History or War Quiz

Top10 Bloodiest Battles - US Civil War Quiz Stats

 Plays Quiz not verified by Sporcle

Score 0/10 Timer 05:00
0 Plays Today
Casualties Battle % Correct
51,112Battle of Gettysburg
99.2%
23,134Battle of Antietam
85.5%
23,741Battle of Shiloh
72.2%
28,666Battle of the Wilderness
60.5%
30,099Battle of Chancellorsville
55.3%
34,624Battle of Chickamauga
45.2%
30,399Battle of Spotsylvania
41.6%
25,251Second Battle of Bull Run
34.2%
24,645Battle of Stones River
23%
19,455Battle of Fort Donelson
21.5%

You're not logged in!

Compare scores with friends on all Sporcle quizzes.
OR
Log In

Show Comments

Extras

Top Quizzes Today


Score Distribution

Your Account Isn't Verified!

In order to create a playlist on Sporcle, you need to verify the email address you used during registration. Go to your Sporcle Settings to finish the process.

Report this User

Report this user for behavior that violates our Community Guidelines.

Details: